El protestantismo comparado con el catolicismo en sus relaciones con la civilización europea
Saved in:
| Main Author: | |
|---|---|
| Format: | Book |
| Language: | Spanish |
| Published: |
París
Librería de A. Bouret é Hijo
1874
|
| Edition: | 6a. ed |
| Subjects: | |
| Tags: |
Add Tag
No Tags, Be the first to tag this record!
|
MARC
| LEADER | 00000nam a2200000 a 4500 | ||
|---|---|---|---|
| 001 | UCL5327 | ||
| 003 | CL-VaPUC | ||
| 008 | 040312e18740000FR |||||||||||||||||spa|d | ||
| 082 | 0 | 4 | |a 280.4 |b BAL |2 21 |
| 100 | 0 | |a Balmes Urpiá, Jaime Luciano |e author |9 483047 | |
| 245 | 1 | 3 | |a El protestantismo comparado con el catolicismo en sus relaciones con la civilización europea |
| 250 | |a 6a. ed | ||
| 300 | |a v | ||
| 942 | |c BK | ||
| 945 | |d 20040312 00:00:00 |a rbrito | ||
| 260 | |a París |b Librería de A. Bouret é Hijo |c 1874 | ||
| 650 | 0 | |a Protestantismo |9 317293 | |
| 650 | 0 | |a Catolicismo |9 258690 | |
| 650 | 7 | |a RELIGION COMPARADA |2 CL-VaPUC |9 483048 | |
| 583 | |a last modification |c 20190725 04:14:27 |k Rodrigo Vera | ||
| 999 | |c 307937 |d 307935 | ||
| 952 | |0 0 |1 0 |4 0 |6 280_400000000000000_BAL_1874 |7 0 |8 P |9 374125 |a BIBTEO |b BIBTES |c TEO_FTES |d 2019-11-21 |h v.2 |i 3146782 |o 280.4 BAL 1874 |p 3146782 |r 2024-01-18 |w 2019-11-21 |y BK |k ICR | ||